000 00396 a2200169 4500
001 44349
020 _a8508100027
040 _cAnchieta - Aquarius
100 _aBoulet, Gwenaëlle
240 1 0 _a=Convivendo com meninas e meninos
_lpor
245 1 0 _a=Convivendo com meninas e meninos
300 _a56
362 0 _a2005
440 1 _aÁtica
650 4 _aLiteratura brasileira
942 _cBK
999 _c44349
_d44349